00666nam a2200205Ia 4500003000400000005001700004008004100021040000700062041000800069082002500077100004700102245005400149260004700203300000800250365001300258906002400271942001200295999001900307952013400326OSt20230509114338.0210423s2009 xx 000 0 und d cAL aeng a574.87322223b ATLR aATLAS (Ronald M);BARTHA (Richard).9100656 aMicrobial ecology: fundamentals and applications. aNew DelhibPearson Education Pvt Ltdc2009 a704 b425cINR aecology ; Microbial 2ddccBK c164007d164007 001040708BTaSACPGbSACPGd2009-06-18eAthulya Booksg425.00l0o574.87322 ATLRpPG010505r2022-08-24 00:00:00w2021-04-26yBK